000 00287nam a22001337a 4500
003 SGT
082 _a616.0754
_bC17H
100 _aHAGGA,JOHN R
245 _aCT AND MRI OF THE WHOLE BODY
250 _a6TH
260 _aPHILADELPHIA
_bELSEVIER
_c2017
300 _a1189
942 _2ddc
_cBK
999 _c14211
_d14211